Adhikāra-viṃśikā. (Record no. 83213)

MARC details
000 -LEADER
fixed length control field 00666cam a22002531 4500
001 - CONTROL NUMBER
control field sa 68009879
003 - CONTROL NUMBER IDENTIFIER
control field DLC
005 - DATE AND TIME OF LATEST TRANSACTION
control field 20260227112547.0
008 - FIXED-LENGTH DATA ELEMENTS--GENERAL INFORMATION
fixed length control field 900216s1963 ii 000 0 prao
010 ## - LIBRARY OF CONGRESS CONTROL NUMBER
LC control number sa 68009879
035 ## - SYSTEM CONTROL NUMBER
System control number (OCoLC)21073746
040 ## - CATALOGING SOURCE
Original cataloging agency DLC
Transcribing agency WaU
Modifying agency DLC
041 0# - LANGUAGE CODE
Language code of text/sound track or separate title prasan
042 ## - AUTHENTICATION CODE
Authentication code premarc
050 00 - LIBRARY OF CONGRESS CALL NUMBER
Classification number PK5013.H35
Item number A66
100 0# - MAIN ENTRY--PERSONAL NAME
Personal name Haribhadrasūri,
Dates associated with a name 700-770.
245 10 - TITLE STATEMENT
Title Adhikāra-viṃśikā.
260 ## - PUBLICATION, DISTRIBUTION, ETC.
Date of publication, distribution, etc. 2490 [1963 or 4]
300 ## - PHYSICAL DESCRIPTION
Extent 138 p.
Dimensions 19 cm.
500 ## - GENERAL NOTE
General note In Prakrit; commentary in Sanskrit.
650 #0 - SUBJECT ADDED ENTRY--TOPICAL TERM
Topical term or geographic name entry element Jainism
Form subdivision Poetry.
700 1# - ADDED ENTRY--PERSONAL NAME
Personal name Āgamoddhāraka,
Numeration 1874-1949.
700 1# - ADDED ENTRY--PERSONAL NAME
Personal name Suri, Manek Sagar,
Dates associated with a name 1891-

No items available.

Powered by Koha